01880nam a2200373 a 4500001001200000003000800012006001900020007001500039008004100054010001700095020004300112020003800155020002700193040002100220035002100241050002600262082002800288100001900316245010100335260006100436300002400497440004100521504005100562505044900613533015201062650002101214650002701235650002401262650003101286655002901317710001701346856012601363999001701489ebr10635021CaPaEBRm u cr cn|||||||||120405s2013 njua sb 001 0 eng d z 2012012096 z9780813554600 (hardcover : alk. paper) z9780813554594 (pbk. : alk. paper) z9780813554617 (e-book) aCaPaEBRcCaPaEBR a(OCoLC)82469886214aHV5824.W6bB64 2013eb04a362.29/9520820917332231 aBoeri, Miriam.10aWomen on iceh[electronic resource] :bmethamphetamine use among suburban women /cMiriam Boeri. aNew Brunswick, N.J. :bRutgers University Press,cc2013. axvi, 231 p. :bill. 0aCritical issues in crime and society aIncludes bibliographical references and index.0 aMethamphetamine : the perfect drug for suburban women -- Ethnographic research : exploring methamphetamine use in the suburbs -- The gendered drug career : initiation and progression in methamphetamine use -- Gendered lives : combining work and family with drug-using roles -- Gendered risks : health and infectious diseases -- Gendered risks : violence and crime -- The revolving door : treatment, recovery, and relapse -- Policy implications. aElectronic reproduction.bPalo Alto, Calif. :cebrary,d2013.nAvailable via World Wide Web.nAccess may be limited to ebrary affiliated libraries. 0aWomenxDrug use. 0aMethamphetamine abuse. 0aWomen drug addicts. 0aDrug addictionxTreatment. 7aElectronic books.2local2 aebrary, Inc.40uhttp://site.ebrary.com/lib/rucke/Doc?id=10635021zAn electronic book accessible through the World Wide Web; click to view c47915d47915